00354pab a2200121 454500008004000000100002500040245009200065260000900157300001500166362000800181650000900189773003400198180718b2013 xxu||||| |||| 00| 0 eng d aAlphonse, Mary et al aUnderstanding burnout amongst counsellors working in HIV testing and treatment settings c2013 ap.273-289. aApr aAIDS aIndian Journal of Social Work